000 00907nas a2200289 4500
001 BR9511568
003 BR-BrBNA
005 20231205095609.0
007 ta
008 230509b bl.|||p| |||| 00| 00por d
040 _aBR-BrBNA
_bpor
_cBiblioteca Nacional de Agricultura
041 _a(Pt)
072 _aF02
100 1 _aFreire, L.C.L.
100 1 _aAlbuquerque, J.A.S. de
100 1 _aAlbuquerque, T.C.S. de
245 1 _aComportamento da cultivar de uva "Thompson seedless""sobre diferentes porta-enxertos na regiao do submedio Sao Francisco
650 _aUva
650 _aVariedade
650 _aPorta Enxerto
650 _aEnxerto
650 _aProducao
650 _aComportamento de Variedade
773 0 _tRevista Brasileira de Fruticultura (Brazil)
_xISSN 0100-2945
_g(1991), v. 13(2) p. 129-133
_wBR9511568
909 _a202311
_bLúcia
_c55
_dLúcia Elande
942 _2AGRIS
_n0
_cANA
999 _c151591
_d151591